000
00307nam a22001097a 4500
008
160512b xxu||||| |||| 00| 0 eng d
020
_a
9786084577348
041
_a
eng
080
_a
612.39
245
_a
Mbeturinat e minierave / Karakterizim, trajtim, ndikime natyrore:
_c
Bernd G. Lottermose;
942
_2
udc
_c
BK
999
_c
2110
_d
2110